000 00626nam a2200205Ia 4500
003 OSt
005 20251223114949.0
008 220922b |||||||| |||| 00| 0 guj d
037 _cTB
040 _aARTS
_cARTS
_bguj
041 _2guj
_aguj
084 _aO156,3NMI,MO L2
_qAL
100 _aमित्र, प्रेमेन्द्र
_9858943
245 0 _aमौसमी
246 _aMausamī
260 _c1972
650 _aगुजराती साहित्य
_9858944
942 _hO156,3NM,1, L2
_cTB
_2CC
_n0
999 _c386348
_d386348